000 00417 a2200157 4500
001 73841
020 _a
040 _cAnchieta - Colégio São Paulo
100 _aButson, Thomas
240 1 0 _aMandela
_lpor
245 1 0 _aMandela
300 _a89
362 0 _a1990
650 4 _aPessoas em literatura, história, biografia, genealogia (incluindo historiadores, escritores e críticos da literatura)
942 _cBK
999 _c73841
_d73841